Statistics for Smallest Country containing Letters A-Z

Click here to take the quiz!

General Stats

  • This quiz has been taken 216 times
  • The average score is 19 of 26

Answer Stats

LETTERCOUNTRY% Correct
AVatican City
97%
IVatican City
97%
YVatican City
97%
VVatican City
97%
TVatican City
97%
NVatican City
97%
CVatican City
97%
MMonaco
86%
OMonaco
86%
SSan Marino
85%
QQatar
84%
ELiechtenstein
81%
HLiechtenstein
81%
UNauru
81%
RNauru
81%
LTuvalu
81%
PPalau
77%
XLuxembourg
72%
KSaint Kitts and Nevis
66%
GGrenada
56%
BBarbados
54%
FFederated States of Micronesia
52%
DMarshall Islands
47%
JJamaica
42%
WSwaziland
27%
ZSwaziland
27%

Score Distribution

Percentile by Number Answered

Percent of People with Each Score

Your Score History

You have not taken this quiz